|
|
|
|
| LEADER |
00000nam a2200000 a 4500 |
| 001 |
vtls001222336 |
| 003 |
SK-MaSNL |
| 005 |
20260301154551.0 |
| 008 |
240509s1996 xo ap r yy slo |
| 015 |
|
|
|a SNBA1997/0100205
|
| 020 |
|
|
|a 8071372986
|c 35,00 Sk (300 výt.)
|
| 035 |
|
|
|a SNK000167878
|
| 035 |
|
|
|a urn:nbn:sk:snk-amtix2
|
| 035 |
|
|
|a urn:nbn:sk:snk-am00c6gp
|
| 035 |
|
|
|a 24DE3029-0387-487D-8392-55EB93E54690
|
| 040 |
|
|
|a SNK
|b slo
|c SNK
|e AACR2
|
| 041 |
0 |
|
|a slo
|
| 044 |
|
|
|a xo
|c SK
|
| 080 |
|
|
|a 633(075.8)
|2 1981
|
| 100 |
1 |
|
|a Cigľár, Jozef,
|d 1936-2000
|4 aut
|9 5309
|
| 245 |
1 |
|
|a Všeobecná rastlinná výroba
|c J. Cigľar, R. Pospišil, J. Smatana
|
| 250 |
|
|
|a 2. preprac. vyd.
|
| 260 |
|
|
|a Nitra
|b Vysoká škola poľnohospodárska
|c 1996
|
| 300 |
|
|
|a 94 s.
|b Sch., tab.
|c 29 cm
|
| 504 |
|
|
|a Bibliogr.
|
| 650 |
0 |
7 |
|a rastlinná výroba
|2 SNK
|9 2835
|
| 655 |
|
7 |
|a Textbooks (higher)
|2 SNKPHeng
|9 276436
|
| 655 |
|
7 |
|a učebnice vysokých škôl
|2 SNKPH
|9 70191
|
| 700 |
1 |
|
|a Pospišil, Richard,
|d 1954-
|4 aut
|9 7530
|
| 700 |
1 |
|
|a Smatana, Jozef,
|d 1954-
|4 aut
|9 193078
|
| 919 |
|
|
|a 80-7137-298-6
|
| 958 |
0 |
7 |
|a RM
|
| 958 |
0 |
7 |
|a NB
|
| 958 |
0 |
7 |
|a UV
|
| 999 |
|
|
|c 797294
|d 799224
|
| 952 |
|
|
|t P60, <09>, [BOOK], {629}
|a SNK
|b SNK
|y NEVYP
|7 0
|o snkB 1162
|i snk3831/961107
|0 0
|1 0
|4 0
|d 1996-11-06
|l 0
|r 2005-01-01 00:00:00
|w 2026-02-24
|
| 952 |
|
|
|t P60, <03>, [BOOK], {603}
|a SNK
|b SNK
|y PREZ
|7 0
|p 17A0016866
|o snkSB 56069
|i snkKSP 9498/96
|0 0
|1 0
|4 0
|d 1996-11-06
|f 1
|l 0
|r 2025-04-02 00:00:00
|w 2026-02-24
|
| 952 |
|
|
|t P60, <04>, [BOOK], {604}
|a SNK
|b SNK
|y VYP
|7 0
|p 17A0016867
|o snkSB 56069 D1
|i snkKSP 9499/96
|0 0
|1 0
|4 0
|d 1996-11-06
|l 0
|r 2005-01-01 00:00:00
|w 2026-02-24
|